載入...

Farm production planning and programming

書目詳細資料
主要作者: Indian society of agriculture eco
格式: Printed Book
語言:Undetermined
出版: Bombay The Indian Society of Agricultural Economics 1965
LEADER 00577nam a2200133Ia 4500
008 161229s9999 xx 000 0 und d
082 |a 338.16 IND/SE 
100 |a Indian society of agriculture eco. 
245 |a Farm production planning and programming 
260 |b The Indian Society of Agricultural Economics  |a Bombay  |c 1965 
300 |a 127 
942 |c BK 
999 |c 150870  |d 150870 
952 |0 0  |1 0  |2 ddc  |4 0  |6 338_160000000000000_IND_SE  |7 0  |8 Gen  |9 149919  |a KAUCLV  |b KAUCLV  |c GENERAL  |d 2016-12-29  |g 8.00  |o 338.16 IND/SE  |p 902179  |r 2016-12-29  |w 2016-12-29  |y BK  |z Book transferred from CCBM Library ,Acc.No:898